French public finance in the great war and today
About French public finance in the great war and today
Bewaard in:
| Hoofdauteur: | |
|---|---|
| Formaat: | Boek |
| Taal: | Undetermined |
| Gepubliceerd in: |
New York
Bankers Trust Company
1922
|
| Onderwerpen: | |
| Tags: |
Voeg label toe
Geen labels, Wees de eerste die dit record labelt!
|
| Thư viện lưu trữ: | Trung tâm Học liệu Trường Đại học Cần Thơ |
|---|
| LEADER | 00694nam a2200229Ia 4500 | ||
|---|---|---|---|
| 001 | CTU_218866 | ||
| 008 | 210402s9999 xx 000 0 und d | ||
| 082 | |a 336.73 | ||
| 082 | |b F538 | ||
| 100 | |a Fisk, Harvey Edward | ||
| 245 | 0 | |a French public finance in the great war and today | |
| 245 | 0 | |c Harvey Edward Fisk | |
| 260 | |a New York | ||
| 260 | |b Bankers Trust Company | ||
| 260 | |c 1922 | ||
| 520 | |a About French public finance in the great war and today | ||
| 650 | |a Finance, public,Tài chính công | ||
| 650 | |x History,Lịch sử | ||
| 650 | |y 1918-,1918- | ||
| 650 | |z France,Pháp | ||
| 904 | |i Nguyên | ||
| 980 | |a Trung tâm Học liệu Trường Đại học Cần Thơ | ||